Statistiques concernant Incontournables duos

Cliquez ici pour prendre le quiz!

Statistiques générales

  • Ce quiz a été pris 199 fois
  • Le résultat moyen est 13 sur 15

Statistiques - réponses

Le solo......Devient duo !Indice% Correct
ChienChatL'animal de compagnie populaire aussi
99%
Pain au chocolatChocolatineLa version du sud
99%
BlancNoirL'opposé de cette nuance
99%
AstérixObélixLe meilleur ami d'asterix
99%
SucréSaléLe chocolat est sucré, les frites sont...
99%
IphoneSamsungLa deuxième marque de téléphone très populaire
99%
AZL'opposé de cette lettre
99%
12Jamais un sans...
98%
ParisMarseilleLa "deuxième capitale" de la france
98%
Emmanuel MacronMarine LepenLa candidate qui a fait les 2 deuxièmes tours avec lui
97%
Lionel MesiCristiano RonaldoLe deuxième GOAT
95%
PSGOMLe club opposé
95%
AcideAmerLe goût restant
84%
One pieceNarutoLe grand duel de deux mangas...
84%
Pain au raisinRainsintineLa version du sud
1%

Distribution des résultats

Percentile par nombre de réponses

% des personnes avec chaque résultat

Votre développement - résultats

Vous n’avez pas pris ce quiz